Dimensiones territoriales del desarrollo, la democracia y el bienestar : (Registro nro. 3838)

Detalles MARC
000 -LEADER
fixed length control field 01177nam a2200253Ia 4500
003 - CONTROL NUMBER IDENTIFIER
control field OSt
005 - DATE AND TIME OF LATEST TRANSACTION
control field 20200416161212.0
008 - FIXED-LENGTH DATA ELEMENTS--GENERAL INFORMATION
fixed length control field 191128s2016 ck ad gr 001 0dspa d
020 ## - INTERNATIONAL STANDARD BOOK NUMBER
International Standard Book Number 9789585605824
040 ## - CATALOGING SOURCE
Original cataloging agency CO-JMCR
Transcribing agency CO-JMCR
041 0# - LANGUAGE CODE
Language code of text/sound track or separate title spa
082 04 - DEWEY DECIMAL CLASSIFICATION NUMBER
Classification number 303.44 /
Item number R436d
100 1# - MAIN ENTRY--PERSONAL NAME
Personal name Restrepo, Darío,
Relator term autor
9 (RLIN) 3159
245 10 - TITLE STATEMENT
Title Dimensiones territoriales del desarrollo, la democracia y el bienestar :
Remainder of title contribución a la agenda alternativa del posacuerdo /
Statement of responsibility, etc. Darío Restrepo
260 ## - PUBLICATION, DISTRIBUTION, ETC.
Place of publication, distribution, etc. Bogotá :
Name of publisher, distributor, etc. Planeta Paz : Oxfam : Observatorio Nacional de Paz,
Date of publication, distribution, etc. 2016
300 ## - PHYSICAL DESCRIPTION
Extent 33 páginas :
Other physical details ilustraciones y gráficas a blanco y negro ;
Dimensions 29 cm.
490 0# - SERIES STATEMENT
Series statement Estudios técnicos para la construcción de la paz
500 ## - GENERAL NOTE
General note Bibliografía: páginas 32-33.
505 ## - FORMATTED CONTENTS NOTE
Formatted contents note Enfoque teórico y carácter de las propuestas -- El plan nacional de desarrollo, el presupuesto y la contabilidad nacional -- El sistema político nacional y la representación territorial -- El sistema político territorial
650 14 - SUBJECT ADDED ENTRY--TOPICAL TERM
Topical term or geographic name entry element Desarrollo social
Geographic subdivision Colombia
9 (RLIN) 3160
650 24 - SUBJECT ADDED ENTRY--TOPICAL TERM
Topical term or geographic name entry element Investigaciones
Geographic subdivision Colombia
9 (RLIN) 3161
650 24 - SUBJECT ADDED ENTRY--TOPICAL TERM
Topical term or geographic name entry element Acuerdos de paz
Geographic subdivision Colombia
9 (RLIN) 3162
942 ## - ADDED ENTRY ELEMENTS (KOHA)
Source of classification or shelving scheme Dewey Decimal Classification
Koha item type Books
Existencias
Withdrawn status Lost status Source of classification or shelving scheme Materials specified (bound volume or other part) Damaged status Not for loan Home library Current library Shelving location Date acquired Source of acquisition Cost, normal purchase price Total Checkouts Full call number Barcode Date last seen Copy number Price effective from Koha item type
    Dewey Decimal Classification Donación--01/12/2017--     Biblioteca Pública José María del Castillo y Rada Biblioteca Pública José María del Castillo y Rada General Stacks 11/28/2019 Donación 0.00   303.44 / R436d 201808327 05/16/2024 Ej.1 11/28/2019 Books